00794nam a2200193 a 450000100100000000500170001000800410002704000250006808200140009324500150010725000110012226000830013330000200021650001130023604900090034995201120035895201130047099900170058300002944720200930055545.0090717s1984 dr r 001 0 spa d aDO-SdBNPbspacBNPHU axxxbC35700aCatecismo. a6a ed. aSanto Domingo :bPublicación de los Misioneros del Sagrado Corazón,c1984. a72 P. ;c15 cm. aPara los niños de primera comunión bastará saber las lecciones 1-6-8, 9, 11, 12, 13, 14, 16, 17, y 19. aBNPD 0010718PDaPDbPDcCTd2011-04-15iLF1l0oxxx C357p29447-10r2020-06-25w2020-06-25yLFPDZNo se presta 00107-18PDaPDbPDcOId2011-04-15iLF1l0oxxx C357p29448-10r2020-06-25w2020-06-25yLFPDZNo se presta c28939d28939